[Event "DEN-ch"]
[Site "Denmark"]
[Date "1992.??.??"]
[Round "9"]
[White "Berg, Klaus"]
[Black "Hansen, Sune Berg"]
[Result "1-0"]
[WhiteElo "2405"]
[BlackElo "2370"]
[PlyCount "69"]
[EventDate "1992.04.??"]
[EventType "tourn"]
[EventRounds "9"]
[EventCountry "DEN"]
[EventCategory "8"]
[Source "ChessBase"]
[SourceDate "1994.03.01"]

1. Nf3 Nf6 2. d4 d5 3. c4 c6 4. e3 g6 5. Bd3 Bg7 6. O-O O-O 7. Nc3 Bg4 8. h3
Bxf3 9. Qxf3 Qd6 10. Rd1 Nbd7 11. cxd5 cxd5 12. b3 e5 13. dxe5 Nxe5 14. Qe2 a6
15. Bb2 Rfe8 16. Bc4 Rad8 17. Bxd5 Qe7 18. Rd2 g5 19. Rad1 g4 20. hxg4 Nfxg4
21. g3 h5 22. Bg2 Rxd2 23. Rxd2 h4 24. Nd5 Qd8 25. f4 hxg3 26. Bxe5 Qh4 27.
Bxg7 Kxg7 28. f5 Rf8 29. Rc2 Rd8 30. Rc4 Qh2+ 31. Kf1 Nf2 32. Qb2+ Kg8 33. Qf6
Ne4 34. Qxd8+ Kg7 35. Rxe4 1-0

[Event "DEN-ch"]
[Site "Denmark"]
[Date "1992.??.??"]
[Round "2"]
[White "Berg, Klaus"]
[Black "Hansen, Lars Bo"]
[Result "1/2-1/2"]
[WhiteElo "2405"]
[BlackElo "2530"]
[PlyCount "124"]
[EventDate "1992.04.??"]
[EventType "tourn"]
[EventRounds "9"]
[EventCountry "DEN"]
[EventCategory "8"]
[Source "ChessBase"]
[SourceDate "1994.03.01"]

1. d4 d5 2. Nf3 Nf6 3. c4 c6 4. cxd5 cxd5 5. Nc3 Nc6 6. Bf4 a6 7. e3 Bg4 8. Be2
e6 9. O-O Be7 10. Ne5 Bxe2 11. Qxe2 Rc8 12. Rfc1 O-O 13. Nxc6 Rxc6 14. Rc2 Qa5
15. Rac1 Rfc8 16. Bg5 h6 17. Bxf6 Bxf6 18. g3 Qc7 19. Kf1 Be7 20. Ke1 e5 21.
dxe5 Qxe5 22. Kf1 Bf6 23. Rd2 Qe6 24. Rcd1 Bxc3 25. bxc3 Qe4 26. Kg1 Rxc3 27.
Rxd5 Rc1 28. Rd8+ Rxd8 29. Rxc1 b5 30. h4 Qe6 31. h5 Qf5 32. Rc6 a5 33. Rb6 Rd5
34. g4 Qb1+ 35. Kg2 Rg5 36. e4 Re5 37. Qf3 Qxe4 38. Rb8+ Kh7 39. Qxe4+ Rxe4 40.
Rxb5 Rxg4+ 41. Kf3 Rg5 42. a4 g6 43. hxg6+ Kxg6 44. Ke4 h5 45. f4 Rxb5 46. axb5
a4 47. Kd3 a3 48. Kc2 h4 49. b6 h3 50. b7 h2 51. b8=Q h1=Q 52. Qg8+ Kf6 53.
Qg5+ Ke6 54. Qe5+ Kd7 55. Qd4+ Ke8 56. Qe5+ Kf8 57. Qc5+ Ke8 58. Qe5+ Kd7 59.
Qd4+ Kc6 60. Qa4+ Kc7 61. Qa5+ Kd7 62. Qf5+ Ke7 1/2-1/2

[Event "DEN-ch"]
[Site "Denmark"]
[Date "1992.??.??"]
[Round "6"]
[White "Berg, Klaus"]
[Black "Rasmussen, Karsten"]
[Result "1/2-1/2"]
[WhiteElo "2405"]
[BlackElo "2450"]
[PlyCount "200"]
[EventDate "1992.04.??"]
[EventType "tourn"]
[EventRounds "9"]
[EventCountry "DEN"]
[EventCategory "8"]
[Source "ChessBase"]
[SourceDate "1994.03.01"]

1. d4 d5 2. Nf3 c6 3. c4 Nf6 4. e3 Bf5 5. cxd5 cxd5 6. Qb3 Qc7 7. Nc3 e6 8. Bd2
Nc6 9. Rc1 a6 10. Ne5 Bd6 11. Nxc6 bxc6 12. Na4 Ne4 13. Qb6 Kd7 14. Ba5 Rhb8
15. Qxc7+ Bxc7 16. Bxc7 Kxc7 17. f3 Nd6 18. Kd2 f6 19. g4 Bg6 20. b3 Re8 21. h4
e5 22. h5 Bf7 23. Rc2 f5 24. Be2 exd4 25. exd4 Nb5 26. Bxb5 axb5 27. Nc5 fxg4
28. fxg4 Be6 29. Kc3 Kd6 30. Rf1 Rf8 31. Rcf2 Rxf2 32. Rxf2 Ra7 33. g5 Bg4 34.
h6 Re7 35. hxg7 Rxg7 36. Rf6+ Kc7 37. Kb4 Kb6 38. a4 bxa4 39. bxa4 Be2 40. Rd6
Kc7 41. Rh6 Bg4 42. a5 Bc8 43. Rf6 Rxg5 44. Rf7+ Kb8 45. a6 Rg4 46. Ka5 Rxd4
47. Rf8 Rd1 48. Kb6 Rb1+ 49. Kxc6 Rc1 50. a7+ Kxa7 51. Rxc8 h5 52. Rc7+ Kb8 53.
Rb7+ Ka8 54. Rh7 d4 55. Rh8+ Ka7 56. Rh7+ Kb8 57. Rh8+ Ka7 58. Rh7+ Kb8 59.
Rxh5 d3 60. Rh8+ Ka7 61. Rd8 d2 62. Rxd2 Kb8 63. Rd8+ Ka7 64. Rg8 Rc2 65. Rg1
Kb8 66. Ra1 Rc4 67. Kd5 Rc2 68. Ne6 Rd2+ 69. Nd4 Kc7 70. Ra7+ Kd8 71. Ke5 Rd1
72. Ra8+ Kd7 73. Ra7+ Kd8 74. Ne6+ Ke8 75. Ng7+ Kd8 76. Nf5 Re1+ 77. Kf6 Rf1
78. Ra5 Kd7 79. Rd5+ Kc6 80. Rd3 Kc5 81. Rc3+ Kb4 82. Rc8 Rf2 83. Ke5 Rh2 84.
Kd5 Rh5 85. Ke4 Rh1 86. Rc7 Rh2 87. Rc1 Rh8 88. Kd5 Rh5 89. Rf1 Kc3 90. Rf3+
Kb4 91. Kd4 Rh8 92. Nd6 Rh4+ 93. Kd5 Rh5+ 94. Kc6 Rh6 95. Rf4+ Kc3 96. Kd5 Rh5+
97. Nf5 Rh8 98. Rc4+ Kd3 99. Rd4+ Kc3 100. Rc4+ Kd3 1/2-1/2

[Event "DEN-ch"]
[Site "Denmark"]
[Date "1992.??.??"]
[Round "4"]
[White "Berg, Klaus"]
[Black "Danielsen, Henrik"]
[Result "1-0"]
[WhiteElo "2405"]
[BlackElo "2415"]
[PlyCount "67"]
[EventDate "1992.04.??"]
[EventType "tourn"]
[EventRounds "9"]
[EventCountry "DEN"]
[EventCategory "8"]
[Source "ChessBase"]
[SourceDate "1994.03.01"]

1. d4 Nf6 2. Nf3 d5 3. Bg5 Ne4 4. Bh4 c5 5. dxc5 Qa5+ 6. Nbd2 Nc6 7. c3 Qxc5 8.
e3 Bf5 9. Be2 e5 10. O-O f6 11. Nxe4 dxe4 12. Nd2 Bg6 13. Qa4 Qa5 14. Qc2 Be7
15. Nxe4 O-O-O 16. b4 Qc7 17. a3 Kb8 18. f3 Rhe8 19. Bf2 f5 20. Nc5 Bxc5 21.
bxc5 e4 22. fxe4 fxe4 23. Bg3 Ne5 24. Bb5 Re7 25. Rad1 a6 26. Be2 Rd3 27. Bxd3
exd3 28. Qa4 Qxc5 29. Qd4 b6 30. Rf8+ Kb7 31. Qd8 Kc6 32. Qa8+ Kb5 33. Rc8 Qd6
34. c4+ 1-0

[Event "DEN-ch"]
[Site "Denmark"]
[Date "1992.??.??"]
[Round "5"]
[White "Danielsen, Henrik"]
[Black "Hansen, Sune Berg"]
[Result "1-0"]
[WhiteElo "2415"]
[BlackElo "2370"]
[PlyCount "197"]
[EventDate "1992.04.??"]
[EventType "tourn"]
[EventRounds "9"]
[EventCountry "DEN"]
[EventCategory "8"]
[Source "ChessBase"]
[SourceDate "1994.03.01"]

1. Nf3 f5 2. c4 Nf6 3. Nc3 d6 4. d4 g6 5. g3 Bg7 6. Bg2 O-O 7. O-O Qe8 8. b3 h6
9. Qd3 Na6 10. Ba3 g5 11. e4 fxe4 12. Nxe4 Qg6 13. Rfe1 c6 14. Rad1 Bf5 15.
Nxf6+ Qxf6 16. Qd2 Rf7 17. d5 c5 18. Re3 Qg6 19. Rde1 Bf6 20. Bb2 Nb4 21. Bxf6
Qxf6 22. h3 Nc2 23. Re6 Nxe1 24. Rxf6 Nxf3+ 25. Bxf3 Rxf6 26. g4 Bd7 27. Bd1
Raf8 28. f3 b6 29. Kg2 e6 30. dxe6 Bxe6 31. Bc2 Rxf3 32. Bf5 R3xf5 33. gxf5
Bxf5 34. Qxd6 Kg7 35. a3 Rf6 36. Qe7+ Rf7 37. Qe5+ Kg6 38. b4 cxb4 39. axb4 Rd7
40. Qe8+ Kf6 41. Qh8+ Kg6 42. Qg8+ Kf6 43. Qb8 Be6 44. Qh8+ Kg6 45. Qc3 Bf5 46.
Qe3 Kf7 47. Qf3 Kf6 48. Kf2 Rd3 49. Qa8 Rd7 50. Qf8+ Kg6 51. Qe8+ Kf6 52. c5
bxc5 53. bxc5 Rd2+ 54. Ke3 Rd3+ 55. Ke2 Rxh3 56. Qf8+ Ke5 57. Qe7+ Kf4 58. Qd6+
Ke4 59. c6 g4 60. c7 h5 61. Qb4+ Ke5 62. Qc5+ Kf6 63. Qf8+ Kg6 64. Qd6+ Kg7 65.
Kf2 Rf3+ 66. Kg2 Rh3 67. Qe5+ Kg6 68. Qxf5+ Kxf5 69. c8=Q+ Ke5 70. Qc5+ Ke6 71.
Qxa7 Kf6 72. Qh7 Kg5 73. Qg7+ Kf5 74. Qh6 h4 75. Qf8+ Kg5 76. Qg7+ Kf5 77. Qh6
Rg3+ 78. Kf2 Rf3+ 79. Ke1 Rh3 80. Qh5+ Kf4 81. Qh6+ Ke4 82. Qe6+ Kf4 83. Qf6+
Ke4 84. Qg5 Rh1+ 85. Kd2 Rh2+ 86. Kc3 g3 87. Qg4+ Kd5 88. Qf5+ Kd6 89. Kc4 Kc6
90. Qg6+ Kd7 91. Kc5 Ke7 92. Kc6 Kf8 93. Qh7 Ke8 94. Kc5 Kd8 95. Kc4 Ke8 96.
Kc3 Kf8 97. Kb3 Ke8 98. Qg7 Rh3 99. Qe5+ 1-0

[Event "DEN-ch"]
[Site "Denmark"]
[Date "1992.??.??"]
[Round "3"]
[White "Danielsen, Henrik"]
[Black "Kristiansen, Jens"]
[Result "1-0"]
[WhiteElo "2415"]
[BlackElo "2415"]
[PlyCount "107"]
[EventDate "1992.04.??"]
[EventType "tourn"]
[EventRounds "9"]
[EventCountry "DEN"]
[EventCategory "8"]
[Source "ChessBase"]
[SourceDate "1994.03.01"]

1. Nf3 g6 2. d4 Bg7 3. e4 d6 4. c3 Nf6 5. Bd3 O-O 6. O-O c5 7. dxc5 dxc5 8. Qe2
Nc6 9. h3 Qc7 10. e5 Nd5 11. Re1 Be6 12. a4 Rae8 13. Na3 Kh8 14. Nc4 Nb6 15.
Bf4 Bd5 16. Ncd2 Bxf3 17. Nxf3 Nd5 18. Bg3 e6 19. h4 h5 20. Rad1 Rd8 21. Bc2
Kg8 22. Bh2 a6 23. Qc4 Na5 24. Qe4 Qb6 25. Rb1 Nc6 26. g4 hxg4 27. Qxg4 Nce7
28. h5 f5 29. exf6 Nxf6 30. Qxe6+ Qxe6 31. Rxe6 Nxh5 32. Ng5 Nd5 33. Bb3 Kh8
34. Rxg6 Nhf4 35. Bxf4 Nxf4 36. Rb6 Rd7 37. Re1 Bf6 38. Ne4 Bd8 39. Rh6+ Kg7
40. Rh2 Be7 41. Kh1 b5 42. Rg1+ Ng6 43. Bc2 Rd5 44. Rg3 c4 45. f3 Rg8 46. axb5
axb5 47. Rhg2 Rh8+ 48. Kg1 Rh6 49. Nf2 Rd6 50. Ng4 Nh4 51. Nxh6+ Kxh6 52. Rh2
Kh5 53. f4 Rf6 54. Rg5+ 1-0

[Event "DEN-ch"]
[Site "Denmark"]
[Date "1992.??.??"]
[Round "9"]
[White "Danielsen, Henrik"]
[Black "Schandorff, Lars"]
[Result "0-1"]
[WhiteElo "2415"]
[BlackElo "2435"]
[PlyCount "82"]
[EventDate "1992.04.??"]
[EventType "tourn"]
[EventRounds "9"]
[EventCountry "DEN"]
[EventCategory "8"]
[Source "ChessBase"]
[SourceDate "1994.03.01"]

1. Nf3 Nf6 2. c4 g6 3. Nc3 Bg7 4. d4 d6 5. Bg5 c6 6. e3 Qa5 7. Qd2 Bg4 8. Be2
Bxf3 9. Bxf6 Bxf6 10. Bxf3 Nd7 11. O-O O-O 12. a3 Qc7 13. b4 a6 14. Rfd1 Bg7
15. Rac1 Rfd8 16. c5 dxc5 17. bxc5 Nxc5 18. Nd5 cxd5 19. Rxc5 Qd6 20. Rxd5 Qxa3
21. Ra5 Qb3 22. Raa1 Qe6 23. Bxb7 Ra7 24. Bf3 Rb8 25. Ra5 Rb5 26. Rc1 Qb6 27.
Raa1 Bf6 28. g3 a5 29. Kg2 Rb2 30. Qd3 Kg7 31. Rc6 Qb5 32. Qd1 e6 33. h4 Qb3
34. Qc1 h5 35. Rc4 a4 36. e4 a3 37. e5 Be7 38. d5 exd5 39. Bxd5 Qb5 40. Rd4 Bc5
41. Rd2 Be3 0-1

[Event "DEN-ch"]
[Site "Denmark"]
[Date "1992.??.??"]
[Round "1"]
[White "Danielsen, Henrik"]
[Black "Hoi, Carsten"]
[Result "1-0"]
[WhiteElo "2415"]
[BlackElo "2445"]
[PlyCount "135"]
[EventDate "1992.04.??"]
[EventType "tourn"]
[EventRounds "9"]
[EventCountry "DEN"]
[EventCategory "8"]
[Source "ChessBase"]
[SourceDate "1994.03.01"]

1. d4 g6 2. e4 Bg7 3. c3 d6 4. Nf3 Nf6 5. Bd3 O-O 6. O-O Nc6 7. Na3 Bg4 8. h3
Bxf3 9. Qxf3 e5 10. Nc2 Nd7 11. Be3 Kh8 12. Rad1 Qe7 13. Rfe1 a6 14. Qg3 Nf6
15. Bg5 Qe8 16. Qh4 Ng8 17. dxe5 Nxe5 18. Bf1 Qa4 19. Nb4 f6 20. Bc1 Ne7 21. f4
g5 22. fxg5 a5 23. b3 Qd7 24. Nd5 Nxd5 25. exd5 f5 26. Qf2 Rae8 27. g3 Ng6 28.
Rxe8 Qxe8 29. Re1 Qd7 30. c4 f4 31. Re6 Be5 32. g4 Qg7 33. Kh1 Bd4 34. Qe1 Ne5
35. Qe4 Ng6 36. Re8 Be5 37. Rxf8+ Qxf8 38. Bd2 b6 39. Be1 f3 40. Bf2 Qg7 41.
Qxf3 Bf4 42. h4 Qa1 43. Kg1 Qc1 44. Qe4 Ne5 45. Qf5 Kg8 46. Qc8+ Kg7 47. Qxc7+
Kg8 48. Qd8+ Kg7 49. Qf6+ Kg8 50. Qf5 Be3 51. h5 Bxg5 52. Qe4 Qd2 53. Bxb6 Qxa2
54. Bd3 Nxd3 55. Qxd3 Qa1+ 56. Kg2 Qb2+ 57. Kf1 a4 58. Bd4 Qc1+ 59. Kg2 a3 60.
Qe4 Qf4 61. Qe8+ Qf8 62. Qe6+ Qf7 63. Qxd6 Qe8 64. Qe6+ Qxe6 65. dxe6 Kf8 66.
Kf3 a2 67. Ke4 Ke7 68. Kf5 1-0

[Event "DEN-ch"]
[Site "Denmark"]
[Date "1992.??.??"]
[Round "5"]
[White "Hansen, Lars Bo"]
[Black "Schandorff, Lars"]
[Result "1-0"]
[WhiteElo "2530"]
[BlackElo "2435"]
[PlyCount "49"]
[EventDate "1992.04.??"]
[EventType "tourn"]
[EventRounds "9"]
[EventCountry "DEN"]
[EventCategory "8"]
[Source "ChessBase"]
[SourceDate "1994.03.01"]

1. c4 Nf6 2. Nc3 e5 3. Nf3 Nc6 4. d4 e4 5. Ne5 h6 6. e3 d6 7. Nxc6 bxc6 8. Qc2
Qe7 9. Be2 Bf5 10. b4 Qd7 11. d5 c5 12. Ba3 cxb4 13. Bxb4 Rb8 14. Rb1 c5 15.
Ba5 Rxb1+ 16. Qxb1 g6 17. Bd1 Qc8 18. Nb5 a6 19. Na7 Qa8 20. Ba4+ Bd7 21. Bxd7+
Kxd7 22. Qb6 Nxd5 23. cxd5 Qxd5 24. Qd8+ Ke6 25. Qc8+ 1-0

[Event "DEN-ch"]
[Site "Denmark"]
[Date "1992.??.??"]
[Round "1"]
[White "Hansen, Lars Bo"]
[Black "Kristiansen, Jens"]
[Result "0-1"]
[WhiteElo "2530"]
[BlackElo "2415"]
[PlyCount "84"]
[EventDate "1992.04.??"]
[EventType "tourn"]
[EventRounds "9"]
[EventCountry "DEN"]
[EventCategory "8"]
[Source "ChessBase"]
[SourceDate "1994.03.01"]

1. d4 f5 2. g3 Nf6 3. Bg2 g6 4. Nf3 Bg7 5. O-O O-O 6. c4 c6 7. d5 Na6 8. Nc3
Nc5 9. Be3 Nce4 10. Nxe4 Nxe4 11. Bd4 Nf6 12. b4 cxd5 13. cxd5 d6 14. Qb3 Qe8
15. Ng5 Qb5 16. a4 Qa6 17. Rfe1 h6 18. e4 hxg5 19. Bf1 b5 20. Bxb5 Qb7 21. Bc6
Qb8 22. exf5 Bxf5 23. Rxe7 Rf7 24. Rae1 Rxe7 25. Rxe7 Qf8 26. Qe3 Rb8 27. b5
Bh8 28. h3 Ng4 29. hxg4 Bxd4 30. Qxd4 Qxe7 31. gxf5 gxf5 32. Kf1 Rf8 33. a5 f4
34. g4 Qh7 35. Ke2 Rf7 36. Qd3 Re7+ 37. Kd2 Qg7 38. Kc2 f3 39. Qxf3 Qd4 40. a6
Rf7 41. Qc3 Rxf2+ 42. Kb3 Qd1+ 0-1

[Event "DEN-ch"]
[Site "Denmark"]
[Date "1992.??.??"]
[Round "3"]
[White "Hansen, Lars Bo"]
[Black "Hansen, Sune Berg"]
[Result "1/2-1/2"]
[WhiteElo "2530"]
[BlackElo "2370"]
[PlyCount "40"]
[EventDate "1992.04.??"]
[EventType "tourn"]
[EventRounds "9"]
[EventCountry "DEN"]
[EventCategory "8"]
[Source "ChessBase"]
[SourceDate "1994.03.01"]

1. c4 g6 2. e4 Bg7 3. d4 d6 4. Nc3 Nf6 5. Nf3 O-O 6. Be2 c5 7. O-O Nc6 8. d5
Na5 9. Rb1 Bg4 10. b3 e6 11. dxe6 fxe6 12. e5 dxe5 13. Be3 b6 14. Nxe5 Bxe2 15.
Qxe2 Nh5 16. f4 Nxf4 17. Bxf4 Qd4+ 18. Kh1 Rxf4 19. Rxf4 Qxf4 20. Nd3 Qd4
1/2-1/2

[Event "DEN-ch"]
[Site "Denmark"]
[Date "1992.??.??"]
[Round "8"]
[White "Hansen, Sune Berg"]
[Black "Kristiansen, Jens"]
[Result "1/2-1/2"]
[WhiteElo "2370"]
[BlackElo "2415"]
[PlyCount "69"]
[EventDate "1992.04.??"]
[EventType "tourn"]
[EventRounds "9"]
[EventCountry "DEN"]
[EventCategory "8"]
[Source "ChessBase"]
[SourceDate "1994.03.01"]

1. d4 Nf6 2. c4 e6 3. Nc3 Bb4 4. e3 O-O 5. Bd3 d5 6. cxd5 exd5 7. Nge2 Re8 8.
O-O b6 9. f3 Bb7 10. Kh1 Bf8 11. Nf4 g6 12. Rb1 a5 13. a3 Ba6 14. Bxa6 Nxa6 15.
Re1 c6 16. e4 dxe4 17. fxe4 Nc7 18. e5 Nfd5 19. Nfxd5 Nxd5 20. Qf3 Qd7 21. Bg5
Nxc3 22. bxc3 b5 23. Rf1 Bxa3 24. c4 Bf8 25. cxb5 cxb5 26. Rxb5 Ra7 27. Rfb1 a4
28. Rb7 Rxb7 29. Rxb7 Qe6 30. g4 a3 31. d5 a2 32. Ra7 a1=Q+ 33. Rxa1 Qxe5 34.
Bf6 Qd6 35. Rf1 1/2-1/2

[Event "DEN-ch"]
[Site "Denmark"]
[Date "1992.??.??"]
[Round "6"]
[White "Hansen, Sune Berg"]
[Black "Hoi, Carsten"]
[Result "1/2-1/2"]
[WhiteElo "2370"]
[BlackElo "2445"]
[PlyCount "84"]
[EventDate "1992.04.??"]
[EventType "tourn"]
[EventRounds "9"]
[EventCountry "DEN"]
[EventCategory "8"]
[Source "ChessBase"]
[SourceDate "1994.03.01"]

1. d4 d6 2. e4 Nf6 3. Nc3 g6 4. Bg5 c6 5. Qd2 Nbd7 6. f4 b5 7. Bd3 Nb6 8. Nf3
d5 9. e5 Nh5 10. f5 Bxf5 11. Bxf5 gxf5 12. Bh6 f4 13. Bxf8 Nc4 14. Qd3 Kxf8 15.
Qf5 Ng7 16. Qxf4 Ne6 17. Qh6+ Ke8 18. O-O Qb6 19. Ne2 Kd7 20. b3 Na3 21. c3 b4
22. Ng5 Rhg8 23. Nxe6 fxe6 24. Nf4 Rg6 25. Nxg6 hxg6 26. Rf7 Re8 27. Qd2 bxc3
28. Qxc3 Nb5 29. Qd2 Nxd4 30. Kh1 Nf5 31. Rh7 a5 32. g4 Nd4 33. Rf1 c5 34. Rg7
Qb5 35. Kg2 Nc6 36. Rxg6 a4 37. bxa4 Qxa4 38. Rf4 Qa3 39. Rh6 Rb8 40. Rh3 Qa6
41. Rc3 Nxe5 42. Rxc5 Nd3 1/2-1/2

[Event "DEN-ch"]
[Site "Denmark"]
[Date "1992.??.??"]
[Round "4"]
[White "Hansen, Sune Berg"]
[Black "Nielsen, Peter Heine"]
[Result "1/2-1/2"]
[WhiteElo "2370"]
[BlackElo "2405"]
[PlyCount "46"]
[EventDate "1992.04.??"]
[EventType "tourn"]
[EventRounds "9"]
[EventCountry "DEN"]
[EventCategory "8"]
[Source "ChessBase"]
[SourceDate "1994.03.01"]

1. d4 Nf6 2. Nf3 e6 3. e3 d5 4. Bd3 Be7 5. Nbd2 c5 6. c3 Nc6 7. O-O O-O 8. Ne5
Nxe5 9. dxe5 Nd7 10. f4 f5 11. exf6 Nxf6 12. c4 b5 13. cxb5 c4 14. Bc2 Qb6 15.
Kh1 Bb7 16. e4 Nxe4 17. Nxe4 dxe4 18. Qe2 Qxb5 19. b3 Qc6 20. bxc4 Rac8 21. Rb1
Ba6 22. Re1 Bxc4 23. Qxe4 Qxe4 1/2-1/2

[Event "DEN-ch"]
[Site "Denmark"]
[Date "1992.??.??"]
[Round "5"]
[White "Hoi, Carsten"]
[Black "Berg, Klaus"]
[Result "1/2-1/2"]
[WhiteElo "2445"]
[BlackElo "2405"]
[PlyCount "27"]
[EventDate "1992.04.??"]
[EventType "tourn"]
[EventRounds "9"]
[EventCountry "DEN"]
[EventCategory "8"]
[Source "ChessBase"]
[SourceDate "1994.03.01"]

1. d4 Nf6 2. c4 c5 3. d5 b5 4. cxb5 a6 5. b6 d6 6. Nc3 g6 7. e4 Bg7 8. Nf3 O-O
9. Be2 Nbd7 10. O-O Nxb6 11. h3 a5 12. Bg5 a4 13. a3 Ba6 14. Bxa6 1/2-1/2

[Event "DEN-ch"]
[Site "Denmark"]
[Date "1992.??.??"]
[Round "7"]
[White "Hoi, Carsten"]
[Black "Mortensen, Erling"]
[Result "1-0"]
[WhiteElo "2445"]
[BlackElo "2420"]
[PlyCount "105"]
[EventDate "1992.04.??"]
[EventType "tourn"]
[EventRounds "9"]
[EventCountry "DEN"]
[EventCategory "8"]
[Source "ChessBase"]
[SourceDate "1994.03.01"]

1. d4 Nf6 2. c4 g6 3. Nc3 Bg7 4. e4 O-O 5. Be3 d6 6. f3 c5 7. Nge2 Nc6 8. Qd2
cxd4 9. Nxd4 Nxd4 10. Bxd4 Be6 11. Nd5 Bxd5 12. exd5 Qc7 13. Be2 a5 14. h4 Rfe8
15. O-O-O b5 16. Kb1 bxc4 17. Rc1 Qb7 18. Bxc4 a4 19. h5 Nxh5 20. Bxg7 Kxg7 21.
g4 Nf6 22. Qh6+ Kh8 23. g5 Rab8 24. Rc2 Nh5 25. Bd3 f5 26. Bxf5 gxf5 27. Rxh5
e6 28. Qf6+ Kg8 29. dxe6 Rf8 30. Qh6 Qe7 31. g6 Rf6 32. Qxh7+ Qxh7 33. gxh7+
Kh8 34. Re2 Re8 35. Kc2 Rfxe6 36. Rxe6 Rxe6 37. Rxf5 Kxh7 38. Rf4 Re2+ 39. Kc3
a3 40. bxa3 Rxa2 41. Kb3 Ra1 42. a4 Kg7 43. Kb2 Re1 44. a5 Re5 45. Ra4 Re2+ 46.
Kc1 Re8 47. a6 Kf6 48. a7 Ra8 49. Kd2 Ke5 50. Kd3 d5 51. f4+ Kf5 52. Kd4 Kxf4
53. Kxd5+ 1-0

[Event "DEN-ch"]
[Site "Denmark"]
[Date "1992.??.??"]
[Round "9"]
[White "Hoi, Carsten"]
[Black "Nielsen, Peter Heine"]
[Result "1-0"]
[WhiteElo "2445"]
[BlackElo "2405"]
[PlyCount "51"]
[EventDate "1992.04.??"]
[EventType "tourn"]
[EventRounds "9"]
[EventCountry "DEN"]
[EventCategory "8"]
[Source "ChessBase"]
[SourceDate "1994.03.01"]

1. d4 Nf6 2. c4 e6 3. Nc3 Bb4 4. e3 b6 5. Nge2 c5 6. a3 Ba5 7. Bd2 O-O 8. d5 d6
9. Ng3 Re8 10. Bd3 Bb7 11. O-O Bxc3 12. Bxc3 exd5 13. cxd5 Nxd5 14. Qh5 Nf6 15.
Bxf6 Qxf6 16. Qxh7+ Kf8 17. Rad1 g6 18. Qh6+ Ke7 19. Ne4 Qe5 20. f4 Qh5 21.
Qxh5 gxh5 22. Ng3 Rg8 23. Nf5+ Ke6 24. e4 d5 25. Bc4 dxc4 26. Rd6# 1-0

[Event "DEN-ch"]
[Site "Denmark"]
[Date "1992.??.??"]
[Round "9"]
[White "Kristiansen, Jens"]
[Black "Mortensen, Erling"]
[Result "0-1"]
[WhiteElo "2415"]
[BlackElo "2420"]
[PlyCount "126"]
[EventDate "1992.04.??"]
[EventType "tourn"]
[EventRounds "9"]
[EventCountry "DEN"]
[EventCategory "8"]
[Source "ChessBase"]
[SourceDate "1994.03.01"]

1. e4 c5 2. Nf3 e6 3. d3 Nc6 4. g3 Nf6 5. Bg2 d5 6. Nbd2 Be7 7. O-O b6 8. Re1
Bb7 9. a3 Qc7 10. c3 a5 11. a4 O-O 12. e5 Nd7 13. Qe2 c4 14. d4 b5 15. axb5 Na7
16. Nb1 Nxb5 17. Bg5 Bxg5 18. Nxg5 Rfb8 19. Qh5 Nf8 20. f4 Ra6 21. Na3 Nxa3 22.
bxa3 Rb6 23. g4 f6 24. exf6 gxf6 25. Nh3 Qf7 26. Qh4 Kh8 27. f5 exf5 28. gxf5
Rb2 29. Nf4 Bc8 30. Qg4 Qg7 31. Qxg7+ Kxg7 32. Bh3 Bb7 33. Re7+ Kh6 34. Kh1 Rf2
35. Rf1 Rxf1+ 36. Bxf1 Kg5 37. Ne6+ Nxe6 38. fxe6 Bc8 39. Rg7+ Kh6 40. Rg8 Rb1
41. Rxc8 Rxf1+ 42. Kg2 Re1 43. Rc6 Kg5 44. Kf2 Re4 45. Rd6 Kf4 46. a4 f5 47.
Rxd5 Rxe6 48. Rxa5 Rh6 49. Kg2 Ke4 50. Rc5 Kd3 51. d5 Rd6 52. Kf3 Kxc3 53. Ke3
f4+ 54. Ke4 f3 55. Kxf3 Kd3 56. h4 c3 57. a5 Rf6+ 58. Kg4 c2 59. Kg5 Ra6 60. d6
Rxa5 61. Rxa5 c1=Q+ 62. Kf5 Qc8+ 63. Ke5 Qc3+ 0-1

[Event "DEN-ch"]
[Site "Denmark"]
[Date "1992.??.??"]
[Round "7"]
[White "Kristiansen, Jens"]
[Black "Berg, Klaus"]
[Result "1-0"]
[WhiteElo "2415"]
[BlackElo "2405"]
[PlyCount "78"]
[EventDate "1992.04.??"]
[EventType "tourn"]
[EventRounds "9"]
[EventCountry "DEN"]
[EventCategory "8"]
[Source "ChessBase"]
[SourceDate "1994.03.01"]

1. f4 d5 2. Nf3 Bg4 3. e3 Nd7 4. Be2 Ngf6 5. Nc3 e6 6. O-O Bd6 7. b3 O-O 8. Bb2
c6 9. Nd4 Bxe2 10. Ncxe2 Qe7 11. a4 Rac8 12. Ng3 c5 13. Nf3 Ne4 14. Nxe4 dxe4
15. Ne5 f5 16. Nc4 Bb8 17. d3 exd3 18. Qxd3 Rcd8 19. e4 Nf6 20. Bxf6 Rxf6 21.
Qe2 fxe4 22. g3 Rdf8 23. Qxe4 Qf7 24. Ne3 b6 25. Rae1 Qh5 26. Rf2 g5 27. f5 Kh8
28. Ref1 exf5 29. Rxf5 Rxf5 30. Rxf5 Re8 31. Qd3 Qg6 32. Ng4 Qg7 33. Nf6 Rf8
34. Qe4 Bd6 35. Ne8 Qa1+ 36. Kg2 Rxf5 37. Qxf5 Be7 38. Qe6 Bd8 39. Qd6 Kg8 1-0

[Event "DEN-ch"]
[Site "Denmark"]
[Date "1992.??.??"]
[Round "2"]
[White "Kristiansen, Jens"]
[Black "Nielsen, Peter Heine"]
[Result "1-0"]
[WhiteElo "2415"]
[BlackElo "2405"]
[PlyCount "77"]
[EventDate "1992.04.??"]
[EventType "tourn"]
[EventRounds "9"]
[EventCountry "DEN"]
[EventCategory "8"]
[Source "ChessBase"]
[SourceDate "1994.03.01"]

1. e4 e5 2. Bc4 Nf6 3. d3 Nc6 4. Nc3 Bc5 5. f4 d6 6. Nf3 Bg4 7. Na4 Nh5 8. Nxc5
dxc5 9. f5 Nf6 10. Be3 Qd6 11. h3 Bxf3 12. Qxf3 Na5 13. Bb5+ c6 14. Ba4 b5 15.
Bd2 Nb7 16. Bb3 a5 17. a4 O-O 18. c4 b4 19. O-O-O Rad8 20. Be3 Kh8 21. g4 Ng8
22. Rd2 f6 23. h4 Qe7 24. g5 Rd7 25. Bc2 Rfd8 26. b3 Qf8 27. Rg1 Rc7 28. Bd1
Rdd7 29. Kc2 Re7 30. Qg3 Red7 31. Bh5 Re7 32. Qg4 Red7 33. Bg6 Nd8 34. Bxh7
Kxh7 35. Qh5+ Nh6 36. gxh6 gxh6 37. Bxc5 Qxc5 38. Qg6+ Kh8 39. Qg8# 1-0

[Event "DEN-ch"]
[Site "Denmark"]
[Date "1992.??.??"]
[Round "1"]
[White "Mortensen, Erling"]
[Black "Berg, Klaus"]
[Result "1/2-1/2"]
[WhiteElo "2420"]
[BlackElo "2405"]
[PlyCount "84"]
[EventDate "1992.04.??"]
[EventType "tourn"]
[EventRounds "9"]
[EventCountry "DEN"]
[EventCategory "8"]
[Source "ChessBase"]
[SourceDate "1994.03.01"]

1. e4 c6 2. d4 d5 3. Nd2 dxe4 4. Nxe4 Bf5 5. Ng3 Bg6 6. h4 h6 7. Nf3 Nd7 8. h5
Bh7 9. Bd3 Bxd3 10. Qxd3 e6 11. Bd2 Ngf6 12. O-O-O Be7 13. Qe2 O-O 14. Ne5 c5
15. dxc5 Bxc5 16. f4 Rc8 17. Kb1 Qc7 18. Nxd7 Qxd7 19. Ne4 Nxe4 20. Qxe4 Rfd8
21. Qe2 Qc7 22. Bc1 a6 23. g4 Rxd1 24. Rxd1 Rd8 25. Rf1 Rd5 26. g5 Rf5 27. gxh6
gxh6 28. Qg4+ Kf8 29. b3 Bd6 30. Rd1 Qc5 31. Qf3 Rd5 32. Rxd5 Qxd5 33. Qxd5
exd5 34. f5 Ke7 35. Bb2 Bf4 36. Bd4 Bg5 37. c4 dxc4 38. bxc4 b5 39. cxb5 axb5
40. Kc2 Kd6 41. Kd3 Kd5 42. Bc3 Bf4 1/2-1/2